| 000 | 00447nam a2200181Ia 4500 | ||
|---|---|---|---|
| 005 | 20240823062309.0 | ||
| 008 | 240823s9999||||xx |||||||||||||| ||und|| | ||
| 041 | _aENGLISH | ||
| 082 | _A621.3193 N2 | ||
| 100 | _aReddy P.N | ||
| 245 | 0 | _aSymmetrical Components and Short Circuit Studies | |
| 250 | _a2nd | ||
| 260 |
_c1992 _b"Khanna,Delhi" |
||
| 500 | _aTRANSFERED | ||
| 650 |
_aShort circuit _bElectrical |
||
| 942 | _cBK | ||
| 999 |
_c235543 _d235543 |
||